Entan̲ uyirē! entan̲ uyirē! / (Record no. 178077)

MARC details
000 -LEADER
fixed length control field 01061nam a22003131i 4500
005 - DATE AND TIME OF LATEST TRANSACTION
control field 20200708154448.0
008 - FIXED-LENGTH DATA ELEMENTS--GENERAL INFORMATION
fixed length control field 200708s2018 ii e 00| f tam d
020 ## - INTERNATIONAL STANDARD BOOK NUMBER
Terms of availability RM 78.40
Qualifying information paperback
040 ## - CATALOGING SOURCE
Original cataloging agency PPAK
Language of cataloging eng
Transcribing agency PPAK
Description conventions rda
082 04 - DEWEY DECIMAL CLASSIFICATION NUMBER
Edition number 23
Classification number 894.811372
090 00 - LOCALLY ASSIGNED LC-TYPE CALL NUMBER (OCLC); LOCAL CALL NUMBER (RLIN)
Classification number (OCLC) (R) ; Classification number, CALL (RLIN) (NR) 894.811372
Feature heading UMA
Feature heading G
100 0# - MAIN ENTRY--PERSONAL NAME
Linkage 880-01
Personal name Umaiyāḷ Āti
Relator term author.
242 ## - TRANSLATION OF TITLE BY CATALOGING AGENCY
Title My life
Language code of translated title eng
245 10 - TITLE STATEMENT
Linkage 880-02
Title Entan̲ uyirē! entan̲ uyirē! /
Statement of responsibility, etc. Umaiyāḷ Āti
250 ## - EDITION STATEMENT
Linkage 880-03
Edition statement Mutal patippu
264 #1 - PRODUCTION, PUBLICATION, DISTRIBUTION, MANUFACTURE, AND COPYRIGHT NOTICE
Place of production, publication, distribution, manufacture Cennai, India :
Name of producer, publisher, distributor, manufacturer Aruṇ Patippakam,
Date of production, publication, distribution, manufacture, or copyright notice 2019
300 ## - PHYSICAL DESCRIPTION
Extent 444 pages ;
Dimensions 18 cm.
336 ## - CONTENT TYPE
Source rdacontent
Content type term text
337 ## - MEDIA TYPE
Source rdamedia
Media type term unmediated
338 ## - CARRIER TYPE
Source rdacarrier
Carrier type term volume
500 ## - GENERAL NOTE
General note novel.
546 ## - LANGUAGE NOTE
Language note In Tamil.
650 10 - SUBJECT ADDED ENTRY--TOPICAL TERM
Topical term or geographic name entry element Tamil fiction
655 #0 - INDEX TERM--GENRE/FORM
Genre/form data or focus term Romance fiction.
880 0# - ALTERNATE GRAPHIC REPRESENTATION
Linkage 100-01
a உமையாள் ஆதி
e author.
Linkage 245-02
a எந்தன் உயிரே! எந்தன் உயிரே! /
c உமையாள் ஆதி
Linkage 250-03
a முதல் பதிப்பு
942 ## - ADDED ENTRY ELEMENTS (KOHA)
Source of classification or shelving scheme Dewey Decimal Classification
Koha item type Book
Holdings
Withdrawn Not for loan Current library Shelving location Date acquired Total Checkouts Full call number Barcode Date last seen Date last checked out Koha item type Total Renewals
    Perpustakaan Alor Setar Pinjaman Dewasa 07/09/2020 2 894.811372 UMA A01646005 10/05/2023 20/04/2023 Book  
    Perpustakaan Kulim Pinjaman Dewasa 07/09/2020 4 894.811372 UMA A01646006 24/05/2025 03/05/2025 Book 2